[Event "April 9 Early 2024"]
[Site "Chess.com"]
[Date "2024.04.09"]
[Round "4"]
[White "Gokhale Rishabh Chandrashekhar"]
[Black "Korley, Kassa"]
[Result "1-0"]
[Board "93"]
[WhiteFideId "35007416"]
[BlackFideId "2033801"]
[BlackTitle "IM"]
[WhiteElo "2562"]
[BlackElo "2732"]
[WhiteTeam "IND"]
[BlackTeam "DEN"]
[WhiteClock "0:00:20"]
[BlackClock "0:00:04"]
[Variant "Standard"]

1. h3 {[%clk 0:03:00]}  d5 {[%clk 0:02:58]} 2. g3 {[%clk 0:03:00]}  Nf6 {[%clk 0:02:58]} 3. Bg2 {[%clk 0:03:00]}  e5 {[%clk 0:02:58]} 4. Nf3 {[%clk 0:03:01]}  e4 {[%clk 0:02:58]} 5. Nd4 {[%clk 0:02:59]}  c5 {[%clk 0:02:56]} 6. Nb3 {[%clk 0:02:59]}  a5 {[%clk 0:02:55]} 7. a4 {[%clk 0:02:57]}  Nc6 {[%clk 0:02:53]} 8. d3 {[%clk 0:02:57]}  Be6 {[%clk 0:02:42]} 9. O-O {[%clk 0:02:52]}  Be7 {[%clk 0:02:37]} 10. Nc3 {[%clk 0:02:48]}  exd3 {[%clk 0:02:29]} 11. exd3 {[%clk 0:02:45]}  O-O {[%clk 0:02:27]} 12. Re1 {[%clk 0:02:44]}  Qd7 {[%clk 0:02:23]} 13. Kh2 {[%clk 0:02:44]}  Rfe8 {[%clk 0:02:19]} 14. Bg5 {[%clk 0:02:43]}  b6 {[%clk 0:02:14]} 15. Nb5 {[%clk 0:02:26]}  h6 {[%clk 0:02:11]} 16. Bf4 {[%clk 0:02:21]}  Rac8 {[%clk 0:02:07]} 17. c3 {[%clk 0:02:16]}  Bf8 {[%clk 0:01:48]} 18. g4 {[%clk 0:02:02]}  d4 {[%clk 0:01:28]} 19. c4 {[%clk 0:01:53]}  Nb4 {[%clk 0:01:18]} 20. Rc1 {[%clk 0:01:07]}  Nh7 {[%clk 0:01:00]} 21. Qf3 {[%clk 0:01:03]}  Ng5 {[%clk 0:00:47]} 22. Qg3 {[%clk 0:01:02]}  Nh7 {[%clk 0:00:38]} 23. Nc7 {[%clk 0:00:52]}  Re7 {[%clk 0:00:30]} 24. Nb5 {[%clk 0:00:42]}  Ree8 {[%clk 0:00:30]} 25. Nd2 {[%clk 0:00:41]}  Nf6 {[%clk 0:00:24]} 26. b3 {[%clk 0:00:39]}  Nh7 {[%clk 0:00:15]} 27. Bd6 {[%clk 0:00:39]}  Bxd6 {[%clk 0:00:15]} 28. Nxd6 {[%clk 0:00:39]}  Nf6 {[%clk 0:00:14]} 29. N2e4 {[%clk 0:00:37]}  Nxe4 {[%clk 0:00:14]} 30. Rxe4 {[%clk 0:00:37]}  Red8 {[%clk 0:00:14]} 31. Nxc8 {[%clk 0:00:38]}  Qxc8 {[%clk 0:00:14]} 32. Rce1 {[%clk 0:00:37]}  Qd7 {[%clk 0:00:12]} 33. g5 {[%clk 0:00:37]}  hxg5 {[%clk 0:00:12]} 34. Qxg5 {[%clk 0:00:36]}  Nxd3 {[%clk 0:00:12]} 35. Rg1 {[%clk 0:00:24]}  f6 {[%clk 0:00:10]} 36. Qg3 {[%clk 0:00:23]}  Ne5 {[%clk 0:00:08]} 37. f4 {[%clk 0:00:20]}  Nf7 {[%clk 0:00:07]} 38. Rxe6 {[%clk 0:00:19]}  Qxe6 {[%clk 0:00:07]} 39. Bd5 {[%clk 0:00:20]}  Qe2+ {[%clk 0:00:04]} 40. Rg2 {[%clk 0:00:20]}  d3 {[%clk 0:00:04]} 41. Qxg7# {[%clk 0:00:20]} 1-0

[Event "April 9 Early 2024"]
[Site "Chess.com"]
[Date "2024.04.09"]
[Round "4"]
[White "Karttunen, Mika"]
[Black "Belov, Alexei"]
[Result "1-0"]
[Board "94"]
[WhiteFideId "502081"]
[BlackFideId "4128206"]
[WhiteTitle "IM"]
[BlackTitle "IM"]
[WhiteElo "2728"]
[BlackElo "2560"]
[WhiteTeam "FIN"]
[BlackTeam "RUS"]
[WhiteClock "0:00:18"]
[BlackClock "0:00:00"]
[Variant "Standard"]

1. d4 {[%clk 0:03:00]}  d5 {[%clk 0:03:00]} 2. c4 {[%clk 0:03:00]}  e6 {[%clk 0:03:00]} 3. Nc3 {[%clk 0:03:00]}  Be7 {[%clk 0:03:00]} 4. Bf4 {[%clk 0:02:57]}  Nf6 {[%clk 0:03:00]} 5. e3 {[%clk 0:02:56]}  O-O {[%clk 0:03:00]} 6. Nf3 {[%clk 0:02:53]}  Nbd7 {[%clk 0:03:00]} 7. cxd5 {[%clk 0:02:50]}  exd5 {[%clk 0:02:59]} 8. h3 {[%clk 0:02:48]}  c6 {[%clk 0:02:59]} 9. Bd3 {[%clk 0:02:46]}  Re8 {[%clk 0:03:00]} 10. Qc2 {[%clk 0:02:43]}  Nf8 {[%clk 0:03:00]} 11. Ne5 {[%clk 0:02:42]}  Ng6 {[%clk 0:02:52]} 12. Bg3 {[%clk 0:02:22]}  Nd7 {[%clk 0:02:41]} 13. f4 {[%clk 0:02:09]}  Bh4 {[%clk 0:02:39]} 14. Bf2 {[%clk 0:01:51]}  Bxf2+ {[%clk 0:02:14]} 15. Kxf2 {[%clk 0:01:49]}  Ndxe5 {[%clk 0:02:01]} 16. fxe5 {[%clk 0:01:45]}  f6 {[%clk 0:02:01]} 17. Bxg6 {[%clk 0:01:33]}  hxg6 {[%clk 0:02:01]} 18. exf6 {[%clk 0:01:26]}  Bf5 {[%clk 0:01:44]} 19. Qd2 {[%clk 0:01:23]}  Qxf6 {[%clk 0:01:40]} 20. Kg1 {[%clk 0:01:15]}  Qd6 {[%clk 0:01:35]} 21. Ne2 {[%clk 0:01:08]}  Re7 {[%clk 0:01:26]} 22. Rf1 {[%clk 0:00:58]}  Rae8 {[%clk 0:01:21]} 23. Rf3 {[%clk 0:00:58]}  Be4 {[%clk 0:01:15]} 24. Rg3 {[%clk 0:00:58]}  Rf8 {[%clk 0:01:12]} 25. h4 {[%clk 0:00:57]}  Ref7 {[%clk 0:00:55]} 26. Nf4 {[%clk 0:00:56]}  Rxf4 {[%clk 0:00:53]} 27. exf4 {[%clk 0:00:56]}  Rxf4 {[%clk 0:00:53]} 28. Rhh3 {[%clk 0:00:48]}  Qf6 {[%clk 0:00:50]} 29. Kh2 {[%clk 0:00:45]}  Rf2 {[%clk 0:00:45]} 30. Qg5 {[%clk 0:00:39]}  Rxb2 {[%clk 0:00:41]} 31. h5 {[%clk 0:00:32]}  Qxg5 {[%clk 0:00:32]} 32. Rxg5 {[%clk 0:00:32]}  gxh5 {[%clk 0:00:32]} 33. Rb3 {[%clk 0:00:26]}  Rxb3 {[%clk 0:00:24]} 34. axb3 {[%clk 0:00:26]}  g6 {[%clk 0:00:21]} 35. b4 {[%clk 0:00:26]}  b6 {[%clk 0:00:20]} 36. Rg3 {[%clk 0:00:26]}  a5 {[%clk 0:00:12]} 37. Rc3 {[%clk 0:00:26]}  axb4 {[%clk 0:00:08]} 38. Rxc6 {[%clk 0:00:26]}  b3 {[%clk 0:00:08]} 39. Rxb6 {[%clk 0:00:26]}  Bc2 {[%clk 0:00:07]} 40. Rb7 {[%clk 0:00:26]}  Kf8 {[%clk 0:00:07]} 41. Kg3 {[%clk 0:00:26]}  Ke8 {[%clk 0:00:07]} 42. Kf4 {[%clk 0:00:27]}  Kd8 {[%clk 0:00:07]} 43. Ke5 {[%clk 0:00:27]}  Kc8 {[%clk 0:00:07]} 44. Rb4 {[%clk 0:00:25]}  Be4 {[%clk 0:00:07]} 45. g3 {[%clk 0:00:25]}  g5 {[%clk 0:00:06]} 46. Rxb3 {[%clk 0:00:23]}  h4 {[%clk 0:00:05]} 47. gxh4 {[%clk 0:00:20]}  gxh4 {[%clk 0:00:05]} 48. Rh3 {[%clk 0:00:21]}  Kc7 {[%clk 0:00:06]} 49. Rxh4 {[%clk 0:00:21]}  Kc6 {[%clk 0:00:06]} 50. Rh8 {[%clk 0:00:21]}  Kd7 {[%clk 0:00:03]} 51. Rh6 {[%clk 0:00:20]}  Ke7 {[%clk 0:00:03]} 52. Rh7+ {[%clk 0:00:20]}  Kf8 {[%clk 0:00:03]} 53. Rc7 {[%clk 0:00:19]}  Ke8 {[%clk 0:00:04]} 54. Kd6 {[%clk 0:00:19]}  Kd8 {[%clk 0:00:03]} 55. Rg7 {[%clk 0:00:19]}  Ke8 {[%clk 0:00:03]} 56. Ra7 {[%clk 0:00:19]}  Kf8 {[%clk 0:00:03]} 57. Ke6 {[%clk 0:00:19]}  Bf3 {[%clk 0:00:00]} 58. Rf7+ {[%clk 0:00:18]} 1-0

[Event "April 9 Early 2024"]
[Site "Chess.com"]
[Date "2024.04.09"]
[Round "4"]
[White "Solberg, Joachim"]
[Black "Fiorito, Joaquin"]
[Result "0-1"]
[Board "95"]
[WhiteFideId "1502930"]
[BlackFideId "180173"]
[WhiteTitle "FM"]
[BlackTitle "IM"]
[WhiteElo "2559"]
[BlackElo "2726"]
[WhiteTeam "NOR"]
[BlackTeam "ARG"]
[WhiteClock "0:00:11"]
[BlackClock "0:00:46"]
[Variant "Standard"]

1. e4 {[%clk 0:03:00]}  c5 {[%clk 0:02:59]} 2. Nf3 {[%clk 0:03:00]}  d6 {[%clk 0:02:59]} 3. d4 {[%clk 0:02:59]}  cxd4 {[%clk 0:03:00]} 4. Nxd4 {[%clk 0:02:59]}  Nf6 {[%clk 0:03:01]} 5. Nc3 {[%clk 0:03:00]}  a6 {[%clk 0:03:01]} 6. f4 {[%clk 0:03:00]}  g6 {[%clk 0:02:57]} 7. Bd3 {[%clk 0:02:49]}  Bg7 {[%clk 0:02:57]} 8. Nf3 {[%clk 0:02:48]}  O-O {[%clk 0:02:56]} 9. O-O {[%clk 0:02:48]}  Nc6 {[%clk 0:02:56]} 10. Qe1 {[%clk 0:02:48]}  Nd7 {[%clk 0:02:42]} 11. a3 {[%clk 0:02:42]}  Nc5 {[%clk 0:02:42]} 12. Be3 {[%clk 0:02:34]}  b5 {[%clk 0:02:36]} 13. Kh1 {[%clk 0:02:31]}  Bb7 {[%clk 0:02:35]} 14. Qh4 {[%clk 0:02:31]}  e6 {[%clk 0:02:31]} 15. Qh3 {[%clk 0:02:30]}  Nxd3 {[%clk 0:02:23]} 16. cxd3 {[%clk 0:02:29]}  d5 {[%clk 0:02:22]} 17. Bc5 {[%clk 0:02:25]}  Re8 {[%clk 0:02:20]} 18. f5 {[%clk 0:02:25]}  exf5 {[%clk 0:02:19]} 19. exf5 {[%clk 0:02:24]}  Bc8 {[%clk 0:02:15]} 20. g4 {[%clk 0:02:10]}  Bb7 {[%clk 0:02:00]} 21. Rae1 {[%clk 0:02:06]}  d4 {[%clk 0:01:55]} 22. Ne4 {[%clk 0:02:05]}  Qd5 {[%clk 0:01:54]} 23. Nfg5 {[%clk 0:01:49]}  h6 {[%clk 0:01:54]} 24. fxg6 {[%clk 0:01:45]}  fxg6 {[%clk 0:01:51]} 25. Nf7 {[%clk 0:01:18]}  Rxe4 {[%clk 0:01:26]} 26. dxe4 {[%clk 0:01:17]}  Qxc5 {[%clk 0:01:26]} 27. Nxh6+ {[%clk 0:01:12]}  Bxh6 {[%clk 0:01:23]} 28. Qxh6 {[%clk 0:01:11]}  Ne7 {[%clk 0:01:21]} 29. Rf6 {[%clk 0:01:05]}  Qe5 {[%clk 0:01:06]} 30. g5 {[%clk 0:00:25]}  d3 {[%clk 0:01:03]} 31. Ref1 {[%clk 0:00:17]}  Qxe4+ {[%clk 0:00:57]} 32. R1f3 {[%clk 0:00:17]}  Qe1+ {[%clk 0:00:52]} 33. Kg2 {[%clk 0:00:15]}  Bxf3+ {[%clk 0:00:51]} 34. Kxf3 {[%clk 0:00:15]}  Qe2+ {[%clk 0:00:50]} 35. Kg3 {[%clk 0:00:15]}  Qe5+ {[%clk 0:00:49]} 36. Kg2 {[%clk 0:00:15]}  Qe4+ {[%clk 0:00:46]} 37. Kg3 {[%clk 0:00:15]}  Nf5+ {[%clk 0:00:45]} 38. Rxf5 {[%clk 0:00:11]}  Qxf5 {[%clk 0:00:46]} 0-1

[Event "April 9 Early 2024"]
[Site "Chess.com"]
[Date "2024.04.09"]
[Round "4"]
[White "Wilk, Igor"]
[Black "Bachmann, Axel"]
[Result "1-0"]
[Board "96"]
[WhiteFideId "21831580"]
[BlackFideId "3700488"]
[WhiteTitle "CM"]
[BlackTitle "GM"]
[WhiteElo "2557"]
[BlackElo "2725"]
[WhiteTeam "POL"]
[BlackTeam "PAR"]
[WhiteClock "0:00:06"]
[BlackClock "0:00:00"]
[Variant "Standard"]

1. e4 {[%clk 0:03:00]}  Nf6 {[%clk 0:02:50]} 2. Nc3 {[%clk 0:02:59]}  d5 {[%clk 0:02:45]} 3. exd5 {[%clk 0:02:50]}  Nxd5 {[%clk 0:02:46]} 4. Nf3 {[%clk 0:02:46]}  g6 {[%clk 0:02:44]} 5. Bc4 {[%clk 0:02:44]}  Nb6 {[%clk 0:02:38]} 6. Bb3 {[%clk 0:02:44]}  Bg7 {[%clk 0:02:39]} 7. O-O {[%clk 0:02:44]}  Nc6 {[%clk 0:02:38]} 8. d3 {[%clk 0:02:42]}  O-O {[%clk 0:02:35]} 9. Be3 {[%clk 0:02:39]}  e5 {[%clk 0:02:33]} 10. Qd2 {[%clk 0:02:38]}  Na5 {[%clk 0:02:12]} 11. Bh6 {[%clk 0:02:35]}  Nxb3 {[%clk 0:02:09]} 12. axb3 {[%clk 0:02:36]}  f6 {[%clk 0:02:05]} 13. Bxg7 {[%clk 0:02:32]}  Kxg7 {[%clk 0:02:06]} 14. h3 {[%clk 0:02:32]}  Bd7 {[%clk 0:01:46]} 15. Rfe1 {[%clk 0:02:33]}  Bc6 {[%clk 0:01:46]} 16. Qe3 {[%clk 0:02:31]}  Re8 {[%clk 0:01:39]} 17. Nd2 {[%clk 0:02:27]}  Nd5 {[%clk 0:01:34]} 18. Nxd5 {[%clk 0:02:17]}  Qxd5 {[%clk 0:01:35]} 19. Qg3 {[%clk 0:02:15]}  Qc5 {[%clk 0:01:29]} 20. Nc4 {[%clk 0:02:07]}  a5 {[%clk 0:01:19]} 21. Ne3 {[%clk 0:02:00]}  Kh8 {[%clk 0:01:07]} 22. Qh4 {[%clk 0:01:56]}  Re6 {[%clk 0:01:04]} 23. Nc4 {[%clk 0:01:41]}  b6 {[%clk 0:00:59]} 24. Rad1 {[%clk 0:01:36]}  Rd8 {[%clk 0:00:51]} 25. d4 {[%clk 0:01:22]}  Qd5 {[%clk 0:00:39]} 26. Ne3 {[%clk 0:01:20]}  Qe4 {[%clk 0:00:30]} 27. Qxe4 {[%clk 0:01:11]}  Bxe4 {[%clk 0:00:31]} 28. dxe5 {[%clk 0:00:53]}  Rxd1 {[%clk 0:00:28]} 29. Rxd1 {[%clk 0:00:53]}  c5 {[%clk 0:00:12]} 30. Rd8+ {[%clk 0:00:48]}  Kg7 {[%clk 0:00:12]} 31. Rd7+ {[%clk 0:00:48]}  Kg8 {[%clk 0:00:11]} 32. exf6 {[%clk 0:00:41]}  Rxf6 {[%clk 0:00:12]} 33. Ng4 {[%clk 0:00:41]}  Re6 {[%clk 0:00:11]} 34. Ne3 {[%clk 0:00:31]}  h5 {[%clk 0:00:10]} 35. h4 {[%clk 0:00:31]}  Kf8 {[%clk 0:00:08]} 36. Kf1 {[%clk 0:00:28]}  Ke8 {[%clk 0:00:08]} 37. Rc7 {[%clk 0:00:26]}  Kd8 {[%clk 0:00:08]} 38. Rg7 {[%clk 0:00:26]}  Kc8 {[%clk 0:00:08]} 39. c3 {[%clk 0:00:18]}  Bd3+ {[%clk 0:00:06]} 40. Ke1 {[%clk 0:00:17]}  Bc2 {[%clk 0:00:07]} 41. b4 {[%clk 0:00:11]}  axb4 {[%clk 0:00:07]} 42. cxb4 {[%clk 0:00:12]}  cxb4 {[%clk 0:00:08]} 43. Kd2 {[%clk 0:00:12]}  Ba4 {[%clk 0:00:05]} 44. Nc4 {[%clk 0:00:12]}  Bb5 {[%clk 0:00:04]} 45. Ne3 {[%clk 0:00:10]}  Bc6 {[%clk 0:00:05]} 46. g3 {[%clk 0:00:10]}  Rd6+ {[%clk 0:00:05]} 47. Ke2 {[%clk 0:00:10]}  Rf6 {[%clk 0:00:04]} 48. Re7 {[%clk 0:00:09]}  Bf3+ {[%clk 0:00:03]} 49. Kd2 {[%clk 0:00:09]}  Kd8 {[%clk 0:00:04]} 50. Ra7 {[%clk 0:00:09]}  Bc6 {[%clk 0:00:03]} 51. Ke2 {[%clk 0:00:08]}  Bb5+ {[%clk 0:00:04]} 52. Ke1 {[%clk 0:00:09]}  Rc6 {[%clk 0:00:04]} 53. Nd5 {[%clk 0:00:07]}  Re6+ {[%clk 0:00:04]} 54. Ne3 {[%clk 0:00:06]}  Rc6 {[%clk 0:00:05]} 55. Nd5 {[%clk 0:00:06]}  Rc2 {[%clk 0:00:03]} 56. Nxb4 {[%clk 0:00:03]}  Re2+ {[%clk 0:00:03]} 57. Kd1 {[%clk 0:00:03]}  Rxb2 {[%clk 0:00:04]} 58. Nd5 {[%clk 0:00:04]}  Rxf2 {[%clk 0:00:04]} 59. Nxb6 {[%clk 0:00:04]}  Rg2 {[%clk 0:00:04]} 60. Ra3 {[%clk 0:00:05]}  Ke7 {[%clk 0:00:02]} 61. Nd5+ {[%clk 0:00:05]}  Kf7 {[%clk 0:00:02]} 62. Nf4 {[%clk 0:00:06]}  Rb2 {[%clk 0:00:01]} 63. Rc3 {[%clk 0:00:06]}  Kf6 {[%clk 0:00:01]} 64. Ke1 {[%clk 0:00:06]}  Kf5 {[%clk 0:00:01]} 65. Nd5 {[%clk 0:00:05]}  Kg4 {[%clk 0:00:02]} 66. Nf6+ {[%clk 0:00:05]}  Kh3 {[%clk 0:00:00]} 67. Ne4 {[%clk 0:00:06]} 1-0

[Event "April 9 Early 2024"]
[Site "Chess.com"]
[Date "2024.04.09"]
[Round "4"]
[White "Korchmar, Vasiliy"]
[Black "Migot, Tangi"]
[Result "1-0"]
[Board "98"]
[WhiteFideId "24131750"]
[BlackFideId "662445"]
[WhiteTitle "IM"]
[BlackTitle "IM"]
[WhiteElo "2722"]
[BlackElo "2555"]
[WhiteTeam "RUS"]
[BlackTeam "FRA"]
[WhiteClock "0:00:39"]
[BlackClock "0:00:02"]
[Variant "Standard"]

1. e4 {[%clk 0:03:00]}  c5 {[%clk 0:02:59]} 2. d4 {[%clk 0:03:00]}  cxd4 {[%clk 0:02:59]} 3. Qxd4 {[%clk 0:03:01]}  Nc6 {[%clk 0:02:59]} 4. Qd3 {[%clk 0:03:02]}  a6 {[%clk 0:02:57]} 5. Nc3 {[%clk 0:03:01]}  b5 {[%clk 0:02:57]} 6. Nf3 {[%clk 0:03:01]}  Bb7 {[%clk 0:02:57]} 7. Be2 {[%clk 0:02:55]}  g6 {[%clk 0:02:53]} 8. O-O {[%clk 0:02:54]}  Bg7 {[%clk 0:02:53]} 9. Bg5 {[%clk 0:02:51]}  h6 {[%clk 0:02:51]} 10. Bh4 {[%clk 0:02:51]}  Nf6 {[%clk 0:02:42]} 11. a4 {[%clk 0:02:50]}  b4 {[%clk 0:02:40]} 12. Nd5 {[%clk 0:02:50]}  Nxd5 {[%clk 0:02:37]} 13. exd5 {[%clk 0:02:51]}  Ne5 {[%clk 0:02:36]} 14. Nxe5 {[%clk 0:02:51]}  Bxe5 {[%clk 0:02:37]} 15. c3 {[%clk 0:02:34]}  bxc3 {[%clk 0:02:33]} 16. bxc3 {[%clk 0:02:35]}  Qc7 {[%clk 0:02:28]} 17. c4 {[%clk 0:02:12]}  Bxh2+ {[%clk 0:02:17]} 18. Kh1 {[%clk 0:02:11]}  g5 {[%clk 0:02:18]} 19. Bg3 {[%clk 0:02:09]}  Bxg3 {[%clk 0:02:18]} 20. fxg3 {[%clk 0:02:10]}  h5 {[%clk 0:01:45]} 21. Rxf7 {[%clk 0:01:10]}  Kxf7 {[%clk 0:00:36]} 22. Rf1+ {[%clk 0:01:09]}  Kg7 {[%clk 0:00:37]} 23. Qf5 {[%clk 0:00:59]}  Rhf8 {[%clk 0:00:28]} 24. Qxg5+ {[%clk 0:00:59]}  Kh8 {[%clk 0:00:28]} 25. Qxh5+ {[%clk 0:00:57]}  Kg8 {[%clk 0:00:26]} 26. Qg6+ {[%clk 0:00:40]}  Kh8 {[%clk 0:00:26]} 27. Bd3 {[%clk 0:00:41]}  Rxf1+ {[%clk 0:00:25]} 28. Kh2 {[%clk 0:00:41]}  Rf7 {[%clk 0:00:02]} 29. Qxf7 {[%clk 0:00:39]}  Qe5 {[%clk 0:00:02]} 30. Qh7# {[%clk 0:00:39]} 1-0

[Event "April 9 Early 2024"]
[Site "Chess.com"]
[Date "2024.04.09"]
[Round "4"]
[White "Olhovik, Andrei"]
[Black "Piesik, Piotr"]
[Result "1-0"]
[Board "99"]
[WhiteFideId "13507397"]
[BlackFideId "1136194"]
[WhiteTitle "FM"]
[BlackTitle "IM"]
[WhiteElo "2555"]
[BlackElo "2721"]
[WhiteTeam "FID"]
[BlackTeam "CZE"]
[WhiteClock "0:01:01"]
[BlackClock "0:00:58"]
[Variant "Standard"]

1. d4 {[%clk 0:03:00]}  c5 {[%clk 0:02:59]} 2. d5 {[%clk 0:03:01]}  e5 {[%clk 0:03:00]} 3. c4 {[%clk 0:03:00]}  d6 {[%clk 0:03:00]} 4. Nc3 {[%clk 0:03:00]}  Be7 {[%clk 0:03:01]} 5. g3 {[%clk 0:02:59]}  Bg5 {[%clk 0:03:01]} 6. e3 {[%clk 0:03:00]}  f5 {[%clk 0:03:00]} 7. Bg2 {[%clk 0:03:00]}  Nd7 {[%clk 0:02:58]} 8. h4 {[%clk 0:02:53]}  Bf6 {[%clk 0:02:58]} 9. e4 {[%clk 0:02:52]}  f4 {[%clk 0:02:56]} 10. Bh3 {[%clk 0:02:51]}  Ne7 {[%clk 0:02:49]} 11. Nge2 {[%clk 0:02:51]}  fxg3 {[%clk 0:02:48]} 12. fxg3 {[%clk 0:02:51]}  Nb6 {[%clk 0:02:48]} 13. Bxc8 {[%clk 0:02:36]}  Qxc8 {[%clk 0:02:49]} 14. O-O {[%clk 0:02:36]}  O-O {[%clk 0:02:42]} 15. b3 {[%clk 0:02:33]}  Qh3 {[%clk 0:02:35]} 16. Rf2 {[%clk 0:02:32]}  Ng6 {[%clk 0:02:28]} 17. Rh2 {[%clk 0:02:30]}  Qg4 {[%clk 0:02:26]} 18. Rg2 {[%clk 0:02:30]}  Be7 {[%clk 0:02:12]} 19. Bd2 {[%clk 0:02:12]}  Rf3 {[%clk 0:02:08]} 20. Kh2 {[%clk 0:02:04]}  Bxh4 {[%clk 0:01:45]} 21. gxh4 {[%clk 0:01:53]}  Qh3+ {[%clk 0:01:45]} 22. Kg1 {[%clk 0:01:53]}  Nxh4 {[%clk 0:01:46]} 23. Rh2 {[%clk 0:01:26]}  Qg4+ {[%clk 0:01:45]} 24. Kh1 {[%clk 0:01:23]}  Raf8 {[%clk 0:01:36]} 25. Qg1 {[%clk 0:01:22]}  Qh5 {[%clk 0:01:27]} 26. Bg5 {[%clk 0:01:11]}  R3f4 {[%clk 0:01:10]} 27. Nxf4 {[%clk 0:01:00]}  Qf3+ {[%clk 0:00:58]} 28. Ng2 {[%clk 0:01:01]} 1-0

[Event "April 9 Early 2024"]
[Site "Chess.com"]
[Date "2024.04.09"]
[Round "4"]
[White "Perossa, Nicolas"]
[Black "Papasimakopoulos, Alexandros"]
[Result "0-1"]
[Board "101"]
[WhiteFideId "2850520"]
[BlackFideId "4244125"]
[WhiteTitle "FM"]
[BlackTitle "FM"]
[WhiteElo "2549"]
[BlackElo "2716"]
[WhiteTeam "ITA"]
[BlackTeam "GRE"]
[WhiteClock "0:00:00"]
[BlackClock "0:00:57"]
[Variant "Standard"]

1. Nf3 {[%clk 0:03:00]}  Nf6 {[%clk 0:02:50]} 2. d3 {[%clk 0:03:01]}  d5 {[%clk 0:02:48]} 3. g3 {[%clk 0:03:00]}  b6 {[%clk 0:02:48]} 4. Bg2 {[%clk 0:03:01]}  Bb7 {[%clk 0:02:48]} 5. O-O {[%clk 0:03:02]}  Nbd7 {[%clk 0:02:49]} 6. Nbd2 {[%clk 0:03:02]}  e6 {[%clk 0:02:49]} 7. b3 {[%clk 0:03:01]}  a5 {[%clk 0:02:47]} 8. a4 {[%clk 0:02:57]}  Be7 {[%clk 0:02:44]} 9. Bb2 {[%clk 0:02:57]}  O-O {[%clk 0:02:44]} 10. Ne5 {[%clk 0:02:55]}  Nxe5 {[%clk 0:02:44]} 11. Bxe5 {[%clk 0:02:56]}  Nd7 {[%clk 0:02:44]} 12. Bb2 {[%clk 0:02:56]}  Bf6 {[%clk 0:02:44]} 13. Bxf6 {[%clk 0:02:56]}  Qxf6 {[%clk 0:02:45]} 14. e4 {[%clk 0:02:56]}  Qc3 {[%clk 0:02:41]} 15. Rc1 {[%clk 0:02:48]}  Rfe8 {[%clk 0:02:34]} 16. Qe2 {[%clk 0:02:45]}  h6 {[%clk 0:02:27]} 17. f4 {[%clk 0:02:39]}  dxe4 {[%clk 0:02:20]} 18. Bxe4 {[%clk 0:02:28]}  Qd4+ {[%clk 0:02:18]} 19. Qf2 {[%clk 0:02:28]}  Qxf2+ {[%clk 0:02:15]} 20. Kxf2 {[%clk 0:02:21]}  Bxe4 {[%clk 0:02:12]} 21. Nxe4 {[%clk 0:02:22]}  Rad8 {[%clk 0:02:04]} 22. Rfe1 {[%clk 0:02:17]}  Nb8 {[%clk 0:02:04]} 23. Nc3 {[%clk 0:02:15]}  Nc6 {[%clk 0:02:03]} 24. Nb5 {[%clk 0:02:15]}  Rd7 {[%clk 0:02:03]} 25. Re4 {[%clk 0:02:13]}  Nb4 {[%clk 0:02:00]} 26. Rc4 {[%clk 0:01:24]}  c6 {[%clk 0:01:58]} 27. Nc3 {[%clk 0:01:25]}  Red8 {[%clk 0:01:56]} 28. Ke2 {[%clk 0:01:18]}  g6 {[%clk 0:01:49]} 29. Kd2 {[%clk 0:01:13]}  Kg7 {[%clk 0:01:45]} 30. Re1 {[%clk 0:01:11]}  g5 {[%clk 0:01:41]} 31. Rf1 {[%clk 0:00:41]}  f5 {[%clk 0:01:37]} 32. Re1 {[%clk 0:00:39]}  Kf6 {[%clk 0:01:36]} 33. Rf1 {[%clk 0:00:35]}  g4 {[%clk 0:01:27]} 34. h4 {[%clk 0:00:31]}  gxh3 {[%clk 0:01:14]} 35. Rh1 {[%clk 0:00:31]}  Nxd3 {[%clk 0:01:09]} 36. cxd3 {[%clk 0:00:29]}  Rxd3+ {[%clk 0:01:10]} 37. Kc2 {[%clk 0:00:29]}  Rxg3 {[%clk 0:01:11]} 38. Na2 {[%clk 0:00:08]}  Rg2+ {[%clk 0:01:09]} 39. Kb1 {[%clk 0:00:08]}  h2 {[%clk 0:01:07]} 40. Nc1 {[%clk 0:00:08]}  c5 {[%clk 0:01:01]} 41. Rc2 {[%clk 0:00:06]}  Rdd2 {[%clk 0:01:01]} 42. Rxd2 {[%clk 0:00:07]}  Rxd2 {[%clk 0:01:02]} 43. Na2 {[%clk 0:00:05]}  e5 {[%clk 0:00:57]} 44. fxe5+ {[%clk 0:00:04]}  Kxe5 {[%clk 0:00:58]} 45. Nc1 {[%clk 0:00:02]}  Kf4 {[%clk 0:00:58]} 46. Na2 {[%clk 0:00:01]}  Kg3 {[%clk 0:00:58]} 47. Nc3 {[%clk 0:00:01]}  Kg2 {[%clk 0:00:57]} 48. Rc1 {[%clk 0:00:00]}  h1=Q {[%clk 0:00:57]} 0-1

[Event "April 9 Early 2024"]
[Site "Chess.com"]
[Date "2024.04.09"]
[Round "4"]
[White "Gurvich, Vitaly"]
[Black "Ferey, Antonin"]
[Result "1-0"]
[Board "102"]
[WhiteFideId "24164852"]
[BlackFideId "36051454"]
[WhiteTitle "FM"]
[BlackTitle "CM"]
[WhiteElo "2715"]
[BlackElo "2547"]
[WhiteTeam "RUS"]
[BlackTeam "FRA"]
[WhiteClock "0:00:32"]
[BlackClock "0:00:49"]
[Variant "Standard"]

1. d4 {[%clk 0:03:00]}  Nf6 {[%clk 0:02:57]} 2. Bf4 {[%clk 0:03:00]}  e6 {[%clk 0:02:57]} 3. e3 {[%clk 0:03:00]}  c5 {[%clk 0:02:58]} 4. c3 {[%clk 0:03:00]}  Nc6 {[%clk 0:02:57]} 5. Nd2 {[%clk 0:02:59]}  d5 {[%clk 0:02:57]} 6. Bd3 {[%clk 0:02:58]}  Bd6 {[%clk 0:02:56]} 7. Bxd6 {[%clk 0:02:57]}  Qxd6 {[%clk 0:02:56]} 8. f4 {[%clk 0:02:57]}  cxd4 {[%clk 0:02:55]} 9. cxd4 {[%clk 0:02:58]}  O-O {[%clk 0:02:53]} 10. a3 {[%clk 0:02:58]}  Bd7 {[%clk 0:02:52]} 11. Ngf3 {[%clk 0:02:57]}  Rfc8 {[%clk 0:02:51]} 12. Ne5 {[%clk 0:02:57]}  Ne7 {[%clk 0:02:45]} 13. O-O {[%clk 0:02:54]}  Be8 {[%clk 0:02:43]} 14. Rf3 {[%clk 0:02:50]}  b5 {[%clk 0:02:38]} 15. Rh3 {[%clk 0:02:49]}  b4 {[%clk 0:02:35]} 16. Bxh7+ {[%clk 0:02:25]}  Kf8 {[%clk 0:02:33]} 17. Bd3 {[%clk 0:02:13]}  bxa3 {[%clk 0:02:29]} 18. Rxa3 {[%clk 0:02:13]}  Rab8 {[%clk 0:02:22]} 19. Rh8+ {[%clk 0:02:04]}  Neg8 {[%clk 0:02:12]} 20. Ra2 {[%clk 0:01:04]}  Rc7 {[%clk 0:01:50]} 21. g4 {[%clk 0:01:02]}  Rbc8 {[%clk 0:01:50]} 22. Kf2 {[%clk 0:00:59]}  Rc1 {[%clk 0:01:49]} 23. Qb3 {[%clk 0:00:51]}  Qb6 {[%clk 0:01:00]} 24. Qa3+ {[%clk 0:00:36]}  R8c5 {[%clk 0:00:48]} 25. dxc5 {[%clk 0:00:32]}  Rxc5 {[%clk 0:00:49]} 1-0